Normal view
MARC view
- Abdul Haseeb (00000273669)
Entry Personal Name
001 - CONTROL NUMBER
- control field: 116676
003 - CONTROL NUMBER IDENTIFIER
- control field: NUST
005 - DATE AND TIME OF LATEST TRANSACTION
- control field: 20230912170022.0
008 - FIXED-LENGTH DATA ELEMENTS
- fixed length control field: 230912|| aca||aabn | a|a d
040 ## - CATALOGING SOURCE
- Original cataloging agency: NUST
- Transcribing agency: NUST
100 ## - HEADING--PERSONAL NAME
- Personal name: Abdul Haseeb (00000273669)
670 ## - SOURCE DATA FOUND
- Source citation: Work cat.: (NUST): Abdul Haseeb (00000273669), Experimental Performance Evaluation of a PV/T System Under Real-Time Climatic Conditions /, 2022
